01365nam a22002537a 45000010005000000030006000050050017000110080041000280200017000690400029000860820008001151000024001232450047001472500032001942600038002263000049002644900016003135050008003295200663003375210020010005210020010206500029010407000042010698325FISKH20250909102402.0250909b cb ||||| |||| 00| 0 eng d a078073005994 aFISKHbengcFISKHdFISKH a303 aRyan-Herndon, Lisa  aRobin's case file / cby Lisa Ryan-Herndon aFirst printing, August 2004 aNew York : bScholastic , c2004. a59 pages : bcolor illustrations ;c19 cm .  aTeen titans aM  aTeen Titans: five teenage superheroes fighting for truth, justice,and the last slice of pizza! Robin's always been the unofficial leader of the Teen Titans. Even though he doesn't have superpowers, he's daring, able to make quick decisions, smart, and skilled in the martial arts. He's also got a fully-loaded utility belt to help him out of the tough situations he and the team face. But sometimes, even Robin needs help. Help Robin solve one of his toughest cases using the clues and information that he's amassed in his Case Files. There's room for you to write questions-and answers-puzzles to solve, codes to decode, and a surprising answer at the end. 8 a550 bLexile 8 aM bRaz-Plus  aBatmanvChildren's Books aFunnypages Productions eIllustrator